NBA Finals(2004-2015) - Statistics

General Stats
  • This quiz has been taken 5,251 times
    5,233 since last reset
  • The average score is 12 of 13
Answer Stats
Year/Letter of team Answer % Correct
2013 (H) Heat
99%
2012 (H) Heat
99%
2006 (H) Heat
99%
2010 (L) Lakers
99%
2009 (L) Lakers
99%
2014 (S) Spurs
99%
2007 (S) Spurs
99%
2005 (S) Spurs
99%
2015 (W) Warriors
99%
2008 (C) Celtics
96%
2011 (M) Mavericks
95%
2004 (P) Pistons
95%
Some Will Be The Same. cool
23%
No matching quizzes found
Score Distribution
Percent of People with Each Score
Percentile by Number Answered
Your Score History
You have not taken this quiz since the last reset